00413nam a2200145Ia 4500003000400000008004100004040001600045082001500061100003400076245006800110260004600178300000800224490000500232650003000237GCL140319s9999 xx 000 0 ara d aGCL / cGCL04a813bع ص1 aعبدالملك مرتاحى10aصوت الكهف رواية / cعبدالملك مرتاحى a[S.N] : bدار الحداثة ، c1986 a215 a04aالقصص العربية